Vocabulario temático y característico de Pío Baroja /

Bibliographic Details
Main Author: García Gallarín, Consuelo
Format: Book
Language:Spanish
Published: Madrid : Verbum, [1991]
Series:Lengua.
Subjects:

MARC

Tag First Indicator Second Indicator Subfields
LEADER 00000cam a2200000 a 4500
001 in00001402949
005 20151020053107.0
008 940815s1991 sp a bd 000 0 spa d
010 |a  94196908  
020 |a 8479620129 
035 |a (OCoLC)25686426 
035 |9 AHM6994AM 
040 |a EMU  |c DLC  |d PL#  |d TXA  |d UtOrBLW 
042 |a lccopycat 
049 |a TXAM 
050 0 0 |a PQ6603.A7  |b Z5786 1991 
100 1 |a García Gallarín, Consuelo. 
245 1 0 |a Vocabulario temático y característico de Pío Baroja /  |c Consuelo García Gallarín. 
264 1 |a Madrid :  |b Verbum,  |c [1991] 
264 4 |c ©1991 
300 |a 174 pages :  |b illustrations ;  |c 24 cm. 
336 |a text  |b txt  |2 rdacontent 
337 |a unmediated  |b n  |2 rdamedia 
338 |a volume  |b nc  |2 rdacarrier 
490 1 |a Lengua 
504 |a Includes bibliographical references (pages 167-174). 
600 1 0 |a Baroja, Pío,  |d 1872-1956  |x Language  |x Glossaries, etc. 
653 |a Baroja y Nessi, Pío, 1872-1956  |a Obra  |a Vocabulario. 
653 |a Baroja y Nessi, Pío, 1872-1956  |a Crítica e interpretación. 
830 0 |a Lengua. 
948 |a c:jlg 
999 |a MARS 
999 f f |s 1d549062-5186-3351-a000-4a9ca4200f4e  |i 049dd6e7-d8e7-3ee4-aec2-ac8c69dba9e4  |t 0 
952 f f |p ric  |a Texas A&M University  |b Rellis Campus  |c Joint Library Facility  |d Remote Storage  |t 0  |e PQ6603.A7 Z5786 1991  |h Library of Congress classification  |i unmediated -- volume  |m A14822539616 
998 f f |a PQ6603.A7 Z5786 1991  |t 0  |l Remote Storage